000 00825cam a2200313 4500
001 S00001
008 000000n1999 000 0 eng u
035 _a(Sirsi) u102847
041 _aeng
050 _a333.33016
110 _aHealey and Baker
_91907
245 _aPRIME : property performance, regional rental growth, prime rental levels 1999.
260 _aLondon
_bHealey & Baker
_c1999
300 _a6p. ; 30cm.
350 _a0
650 _aINDICES
650 _aINDUSTRIAL PROPERTY
650 _aOFFICES
650 _aPRIME
650 _aPROPERTY INDICES
650 _aPROPERTY PERFORMANCE
650 _aRENTAL GROWTH
650 _aRENTAL VALUES
650 _aRETAIL PROPERTY
650 _aRETAIL WAREHOUSES
650 _aWAREHOUSES
690 _aPROPERTY-COMMERCIAL PROPERTY
942 _n0
999 _c100065
_d100065